Reflexia terminológie v oblasti sprostredkovania informácií o kultúrnych odlišnostiach
Snaha podnietiť reflexiu a diskusiu na tému terminológie v oblasti sprostredkovania informácií, ktorej výsledkom by bola formulácia odporúčaní vo vzťahu k terminologickej harmonizácii, príp. štandardizácii terminológie. Terminologické nejasnosti. Lingvistické dilemy.
Uložené v:
| Hlavný autor: | |
|---|---|
| Médium: | Kapitola |
| Jazyk: | Slovak |
| Predmet: | |
| Tagy: |
Žiadne tagy, Buďte prvý, kto otaguje tento záznam!
|
MARC
| LEADER | 00000naa$a2200000$$$4500 | ||
|---|---|---|---|
| 001 | 0049413 | ||
| 005 | 20240502071554.6 | ||
| 041 | 0 | |a slo | |
| 044 | |a SK | ||
| 245 | 1 | 0 | |a Reflexia terminológie v oblasti sprostredkovania informácií o kultúrnych odlišnostiach |c Denisa Báráňová-Čiderová |
| 520 | |a Snaha podnietiť reflexiu a diskusiu na tému terminológie v oblasti sprostredkovania informácií, ktorej výsledkom by bola formulácia odporúčaní vo vzťahu k terminologickej harmonizácii, príp. štandardizácii terminológie. Terminologické nejasnosti. Lingvistické dilemy. | ||
| 610 | 2 | 0 | |a terminológia |
| 610 | 2 | 0 | |a informácie |
| 610 | 2 | 0 | |a informatika |
| 610 | 2 | 0 | |a komunikácia |
| 610 | 2 | 0 | |a harmonizácia |
| 610 | 2 | 0 | |a štandardizácia |
| 610 | 2 | 0 | |a jazykoveda |
| 100 | 1 | |a Báráňová-Čiderová, Denisa, 1977- | |